Wings of fire (Record no. 42084)

MARC details
000 -LEADER
fixed length control field 00282nam a2200109Ia 4500
082 ## - DEWEY DECIMAL CLASSIFICATION NUMBER
Classification number 929APJKalam
Item number ABD
100 ## - MAIN ENTRY--AUTHOR NAME
Personal name Abdul Kalam, A P J
245 #0 - TITLE STATEMENT
Title Wings of fire
260 ## - PUBLICATION, DISTRIBUTION, ETC. (IMPRINT)
Place of publication Hyderabad
Name of publisher University Press(India)
Year of publication 1999
942 ## - ADDED ENTRY ELEMENTS (KOHA)
Koha item type Books
Holdings
Withdrawn status Lost status Damaged status Not for loan Home library Current library Date acquired Cost, normal purchase price Full call number Accession Number Koha item type
        RRII Library RRII Library 16/12/2021 200.00 929APJKalam ABD 22361 Books